000
00208 a2200097 4500
001
26615
100
_a
Anderson, J.D
245
_a
Introduction to Flight
260
_a
_b
McGraw-Hill
_c
090
_c
17911
_d
17911
942
_a
NUST-CAE
_c
M
_c
8793
999
_c
261688
_d
261688